The Philosophy of evolution /

Bibliographic Details
Other Authors: Jensen, Uffe Juul, Harré, Rom
Format: Book
Language:English
Published: New York : St. Martin's Press, 1981.
Subjects:

MARC

Tag First Indicator Second Indicator Subfields
LEADER 00000pam a2200000 a 4500
001 in00000092965
005 20150923173433.0
008 810727s1981 nyu b 10100 eng
010 |a  81009409  
020 |a 0312606702 :  |c $22.50 
035 |a (OCoLC)07738158 
035 |9 AAK7981AM 
039 0 |a 2  |b 3  |c 3  |d 3  |e 3 
040 |a DLC  |c DLC  |d UtOrBLW 
049 |a TXAM  |c [388655] 
050 0 0 |a B818  |b  P47 1981 
082 0 |a 573.2  |2 19 
245 0 4 |a The Philosophy of evolution /  |c [edited by] U.J. Jensen and R. Harre. 
264 1 |a New York :  |b St. Martin's Press,  |c 1981. 
300 |a vii, 299 pages ;  |c 22 cm. 
336 |a text  |b txt  |2 rdacontent 
337 |a unmediated  |b n  |2 rdamedia 
338 |a volume  |b nc  |2 rdacarrier 
500 |a Papers based on a symposium held at the Institute of Philosophy, University of Aarhus, Denmark. 
504 |a Includes bibliographical references and indexes. 
650 0 |a Evolution  |v Congresses. 
700 1 |a Jensen, Uffe Juul. 
700 1 |a Harré, Rom. 
999 |a MARS 
999 f f |s c3211964-8346-3ff0-abac-1ae09936c33c  |i ece7436f-dc28-315a-9d3a-5fd297ada39c  |t 0 
952 f f |p ric  |a Texas A&M University  |b Rellis Campus  |c Joint Library Facility  |d Remote Storage  |t 0  |e B818 .P47 1981  |h Library of Congress classification  |i unmediated -- volume  |m A14806013901 
998 f f |a B818 .P47 1981  |t 0  |l Remote Storage